[Event "COL-ch sf (Women)"]
[Site "Medellin"]
[Date "2014.??.??"]
[Round "3"]
[White "Gomez Calderon, Valentina"]
[Black "Perez Valcarcel, Maria Jose"]
[Result "1-0"]
[WhiteElo "1806"]
[BlackElo "1345"]
[PlyCount "57"]
[EventDate "2014.04.15"]
[EventType "swiss"]
[EventRounds "9"]
[EventCountry "COL"]
[SourceTitle "CBM 160 Extra"]
[Source "ChessBase"]
[SourceDate "2014.07.01"]
[SourceVersion "1"]
[SourceVersionDate "2014.07.01"]
[SourceQuality "1"]

1. d4 Nf6 2. c4 g6 3. Nc3 Bg7 4. e4 d6 5. Nf3 0-0 6. Be2 e5 7. d5 Nbd7 8. 0-0 Ne8 9. Qc2 f5 10. Ng5 Nc5 11. b4 Na6 12. Rb1 f4 13. Ne6 Bxe6 14. dxe6 Qe7 15. Bg4 h5 16. Nd5 Qg5 17. e7 Qxg4 18. exf8Q+ Kxf8 19. f3 Qe6 20. Qe2 g5 21. Ba3 g4 22. c5 h4 23. fxg4 Kg8 24. h3 Nf6 25. Nxf6+ Qxf6 26. Qc4+ Kh7 27. c6 b5 28. Qxb5 Nb8 29. Qb7 1-0

[Event "COL-ch (Women)"]
[Site "Ibague"]
[Date "2013.07.02"]
[Round "3"]
[White "Gomez Calderon, Valentina"]
[Black "Orozco Lopez, Lina Yomayra"]
[Result "0-1"]
[WhiteElo "1805"]
[BlackElo "2152"]
[PlyCount "53"]
[EventDate "2013.07.01"]
[EventType "swiss"]
[EventRounds "9"]
[EventCountry "COL"]
[SourceTitle "EXT 2014"]
[Source "ChessBase"]
[SourceDate "2013.11.20"]
[SourceVersion "1"]
[SourceVersionDate "2013.11.20"]
[SourceQuality "1"]

1. d4 Nf6 2. c4 c5 3. d5 b5 4. cxb5 a6 5. bxa6 d6 6. e4 Nbd7 7. Nf3 g6 8. Nc3 Bxa6 9. Bxa6 Rxa6 10. 0-0 Bg7 11. Re1 0-0 12. h3 Ne8 13. Bf4 Qb6 14. Qc1 c4 15. e5 Nc5 16. Be3 Qb4 17. Bxc5 Qxc5 18. Qe3 Qb5 19. Rab1 Nc7 20. exd6 exd6 21. a3 Qa5 22. Nd4 Nxd5 23. Nxd5 Qxd5 24. Nc2 Qb5 25. Nb4 Raa8 26. Red1 Rfd8 27. Qd2 0-1

[Event "COL-ch (Women)"]
[Site "Ibague"]
[Date "2013.07.02"]
[Round "2"]
[White "Medina Barrios, Lina Maria"]
[Black "Gomez Calderon, Valentina"]
[Result "0-1"]
[WhiteElo "1428"]
[BlackElo "1805"]
[PlyCount "42"]
[EventDate "2013.07.01"]
[EventType "swiss"]
[EventRounds "9"]
[EventCountry "COL"]
[SourceTitle "EXT 2014"]
[Source "ChessBase"]
[SourceDate "2013.11.20"]
[SourceVersion "1"]
[SourceVersionDate "2013.11.20"]
[SourceQuality "1"]

1. e4 c5 2. Nf3 Nc6 3. Nc3 e6 4. Bc4 a6 5. a4 Qc7 6. d3 Nf6 7. Be3 Be7 8. d4 cxd4 9. Bxd4 Nxd4 10. Qxd4 Bc5 11. Qd2 Bxf2+ 12. Qxf2 Qxc4 13. Ne5 Qb4 14. Rb1 0-0 15. Nd3 Qa5 16. b4 Qc7 17. e5 Qxc3+ 18. Kd1 Ng4 19. Qd2 Qxd2+ 20. Kxd2 b5 21. a5 Bb7 0-1

[Event "Bogota LAB op 03"]
[Site "Bogota"]
[Date "2013.03.22"]
[Round "1"]
[White "Gomez Calderon, Valentina"]
[Black "Estrella Becerra, Fernando"]
[Result "0-1"]
[WhiteElo "1812"]
[BlackElo "2043"]
[PlyCount "56"]
[EventDate "2013.03.22"]
[EventType "swiss"]
[EventRounds "7"]
[EventCountry "COL"]
[SourceTitle "CBM 153 Extra"]
[Source "ChessBase"]
[SourceDate "2013.04.22"]
[SourceVersion "1"]
[SourceVersionDate "2013.04.22"]
[SourceQuality "1"]

1. d4 Nf6 2. c4 e6 3. Nc3 c5 4. e4 cxd4 5. Qxd4 Nc6 6. Qd1 Bb4 7. Bg5 h6 8. Bxf6 Qxf6 9. Nge2 Bc5 10. f4 g5 11. Qd2 gxf4 12. Qxf4 Qg5 13. Qxg5 hxg5 14. 0-0-0 Ke7 15. g3 b6 16. Bg2 Ne5 17. b3 Bb7 18. h4 gxh4 19. gxh4 Rag8 20. Bf1 Rg4 21. h5 Rg5 22. Nd4 Rgxh5 23. Rxh5 Rxh5 24. Be2 Rh4 25. Nf3 Nxf3 26. Bxf3 Rh3 27. Rf1 f5 28. Kc2 Bb4 0-1

[Event "Bogota op 05"]
[Site "Bogota"]
[Date "2012.05.21"]
[Round "6"]
[White "Nieto Mancilla, Frank Fernando"]
[Black "Gomez Calderon, Valentina"]
[Result "1-0"]
[WhiteElo "1658"]
[BlackElo "1815"]
[PlyCount "69"]
[EventDate "2012.05.18"]
[EventType "swiss"]
[EventRounds "7"]
[EventCountry "COL"]
[SourceTitle "CBM 148 Extra"]
[Source "ChessBase"]
[SourceDate "2012.06.22"]
[SourceVersion "1"]
[SourceVersionDate "2012.06.22"]
[SourceQuality "1"]

1. e4 c5 2. Nc3 Nc6 3. f4 d6 4. Bc4 Nf6 5. d3 e6 6. a4 a6 7. Nf3 Qc7 8. 0-0 b6 9. Ng5 Be7 10. f5 Nd4 11. fxe6 fxe6 12. Be3 h6 13. Nf3 Nc6 14. Nh4 Ne5 15. Ba2 Bd7 16. Bf4 0-0-0 17. Nf3 g5 18. Bxe5 dxe5 19. Qe2 Kb7 20. Nd2 Rdf8 21. Bc4 Ra8 22. Nd1 h5 23. c3 Qd6 24. Ne3 Ne8 25. Rf7 Nc7 26. Bb3 b5 27. Ndc4 bxc4 28. Nxc4 Be8 29. Nxd6+ Bxd6 30. Rg7 g4 31. Bxe6 Kc6 32. Bd5+ Nxd5 33. exd5+ Kb6 34. a5+ Kb5 35. Rb7# 1-0

[Event "Bogota Semana Santa op"]
[Site "Bogota"]
[Date "2012.04.07"]
[Round "7"]
[White "Gomez Calderon, Valentina"]
[Black "Ordinola Capcha, Juan"]
[Result "0-1"]
[WhiteElo "1825"]
[BlackElo "2045"]
[PlyCount "78"]
[EventDate "2012.04.04"]
[EventType "swiss"]
[EventRounds "9"]
[EventCountry "COL"]
[SourceTitle "CBM 147 Extra"]
[Source "ChessBase"]
[SourceDate "2012.04.24"]
[SourceVersion "1"]
[SourceVersionDate "2012.04.24"]
[SourceQuality "1"]

1. d4 d5 2. c4 dxc4 3. e3 Nf6 4. Bxc4 e6 5. Nf3 c5 6. 0-0 a6 7. dxc5 Qxd1 8. Rxd1 Bxc5 9. a4 b6 10. Nc3 Bb7 11. Be2 Nc6 12. b3 0-0 13. Ra2 Rac8 14. Ba3 Bxa3 15. Rxa3 Nb4 16. Bc4 Nfd5 17. Ne2 Rc5 18. e4 Nf6 19. Rd6 b5 20. axb5 axb5 21. Ra5 Nxe4 22. Rb6 bxc4 23. Rxc5 Nxc5 24. Rxb4 cxb3 25. Nfd4 Rd8 26. h3 g6 27. Nxb3 Rd1+ 28. Kh2 Rb1 29. Rb5 Rxb3 30. Rxc5 Rb2 31. Rc7 Rxe2 32. Rxb7 Rxf2 33. Kg3 Rf5 34. h4 Kg7 35. Kg4 Kf6 36. g3 h5+ 37. Kh3 e5 38. Rb6+ Ke7 39. Rb7+ Kd6 0-1

[Event "Bogota Semana Santa op"]
[Site "Bogota"]
[Date "2012.04.06"]
[Round "6"]
[White "Valencia Gantiva, Cristian"]
[Black "Gomez Calderon, Valentina"]
[Result "1-0"]
[WhiteElo "1936"]
[BlackElo "1825"]
[PlyCount "61"]
[EventDate "2012.04.04"]
[EventType "swiss"]
[EventRounds "9"]
[EventCountry "COL"]
[SourceTitle "CBM 147 Extra"]
[Source "ChessBase"]
[SourceDate "2012.04.24"]
[SourceVersion "1"]
[SourceVersionDate "2012.04.24"]
[SourceQuality "1"]

1. e4 c5 2. Nf3 Nc6 3. d4 cxd4 4. Nxd4 a6 5. g3 e6 6. Bg2 Qb6 7. Nxc6 bxc6 8. 0-0 d5 9. Re1 Bc5 10. Qe2 a5 11. Nc3 Ba6 12. Qf3 Bd4 13. exd5 Ne7 14. dxe6 0-0 15. Be3 fxe6 16. Qe4 Bxe3 17. Qxe6+ Rf7 18. Qxe3 Qxb2 19. Rab1 Qa3 20. Rb3 Qd6 21. Ne4 Qg6 22. Ng5 Nf5 23. Qd2 Re7 24. Rxe7 Nxe7 25. Be4 Qf6 26. Bxh7+ Kh8 27. Bd3 Rd8 28. Qxa5 Rd5 29. Qxa6 Qxg5 30. Qa8+ Ng8 31. Rb8 1-0

[Event "Bogota Univ Central op-A 5th"]
[Site "Bogota"]
[Date "2011.10.17"]
[Round "9.1"]
[White "Cardozo Munar, Carlos Eduardo"]
[Black "Gomez Calderon, Valentina"]
[Result "1-0"]
[WhiteElo "1911"]
[BlackElo "1815"]
[PlyCount "23"]
[EventDate "2011.10.13"]
[EventType "swiss"]
[EventRounds "9"]
[EventCountry "COL"]
[SourceTitle "EXT 2024"]
[Source "ChessBase"]
[SourceDate "2023.10.10"]
[SourceVersion "1"]
[SourceVersionDate "2023.10.10"]
[SourceQuality "1"]

1. g4 e5 2. Bg2 d5 3. h3 Nc6 4. d3 Bc5 5. c3 Be6 6. Nf3 Nge7 7. b4 Bd6 8. Nbd2 h6 9. a4 0-0 10. Bb2 Ng6 11. e3 a6 12. Qc2 1-0

[Event "Bogota Mayores Distrital op"]
[Site "Bogota"]
[Date "2011.08.14"]
[Round "6"]
[White "Vasquez, Rafael"]
[Black "Gomez Calderon, Valentina"]
[Result "1/2-1/2"]
[WhiteElo "1859"]
[BlackElo "1839"]
[PlyCount "49"]
[EventDate "2011.08.11"]
[EventType "swiss"]
[EventRounds "9"]
[EventCountry "COL"]
[SourceTitle "CBM 143 Extra"]
[Source "ChessBase"]
[SourceDate "2011.08.29"]
[SourceVersion "1"]
[SourceVersionDate "2011.08.29"]
[SourceQuality "1"]

1. e4 c5 2. Nf3 e6 3. d4 cxd4 4. Nxd4 Nf6 5. Bd3 e5 6. Nf3 d5 7. Qe2 Bg4 8. Bg5 d4 9. 0-0 Be7 10. Nbd2 0-0 11. h3 Bxf3 12. Nxf3 Nbd7 13. Bc4 Nh5 14. Bd2 Nhf6 15. c3 dxc3 16. Bxc3 Nc5 17. Rad1 Qb6 18. Bd5 Nxd5 19. Rxd5 f6 20. Rfd1 Rad8 21. Nh4 Ne6 22. Ba5 Nf4 23. Qc4 Qe6 24. Bxd8 Bxd8 25. Rc5 1/2-1/2

[Event "Bogota Mayores Distrital op"]
[Site "Bogota"]
[Date "2011.08.12"]
[Round "2"]
[White "Barros, Raul"]
[Black "Gomez Calderon, Valentina"]
[Result "1-0"]
[WhiteElo "1987"]
[BlackElo "1839"]
[PlyCount "29"]
[EventDate "2011.08.11"]
[EventType "swiss"]
[EventRounds "9"]
[EventCountry "COL"]
[SourceTitle "CBM 143 Extra"]
[Source "ChessBase"]
[SourceDate "2011.08.29"]
[SourceVersion "1"]
[SourceVersionDate "2011.08.29"]
[SourceQuality "1"]

1. d4 d5 2. Nf3 Nf6 3. c4 c6 4. cxd5 cxd5 5. Nc3 Bg4 6. Ne5 e6 7. Bg5 Bh5 8. Qb3 Nc6 9. Qxb7 Nxd4 10. e3 Rb8 11. Qa6 Nc2+ 12. Kd2 Qc7 13. Kxc2 Qxe5 14. Bf4 Rb6 15. Qc8+ 1-0

[Event "COL-ch sf (Women)"]
[Site "Santa Rosa"]
[Date "2011.06.24"]
[Round "4"]
[White "Pulido, Diana Marcela"]
[Black "Gomez Calderon, Valentina"]
[Result "1-0"]
[WhiteElo "2011"]
[BlackElo "1839"]
[PlyCount "25"]
[EventDate "2011.06.23"]
[EventType "swiss"]
[EventRounds "9"]
[EventCountry "COL"]
[SourceTitle "CBM 143 Extra"]
[Source "ChessBase"]
[SourceDate "2011.08.29"]
[SourceVersion "1"]
[SourceVersionDate "2011.08.29"]
[SourceQuality "1"]

1. e4 c5 2. Nc3 Nc6 3. g3 g6 4. Bg2 Bg7 5. d3 d6 6. Be3 e5 7. Qd2 Nge7 8. Nf3 0-0 9. Bh6 a6 10. h4 Rb8 11. h5 Bh8 12. Bxf8 Qxf8 13. 0-0-0 1-0

[Event "Bogota IRT op Navideno"]
[Site "Bogota"]
[Date "2009.12.05"]
[Round "3.35"]
[White "Cardona, Yesid"]
[Black "Gomez Calderon, Valentina"]
[Result "1-0"]
[WhiteElo "2071"]
[BlackElo "1732"]
[PlyCount "129"]
[EventDate "2009.12.04"]
[EventType "swiss"]
[EventRounds "9"]
[EventCountry "COL"]
[SourceTitle "EXT 2024"]
[Source "ChessBase"]
[SourceDate "2023.10.10"]
[SourceVersion "1"]
[SourceVersionDate "2023.10.10"]
[SourceQuality "1"]

1. e4 c5 2. Nf3 Nc6 3. d4 cxd4 4. Nxd4 Qc7 5. Be3 a6 6. Nc3 e6 7. a3 Nf6 8. g3 Be7 9. Bg2 0-0 10. 0-0 d6 11. Qe2 Bd7 12. Rad1 Rac8 13. Nxc6 Bxc6 14. Rd2 b5 15. Rfd1 Qb7 16. Bf4 e5 17. Bg5 Nxe4 18. Nxe4 Bxg5 19. Nxg5 Bxg2 20. f3 h6 21. Ne4 Bh3 22. Nxd6 Qb6+ 23. Qf2 Qxf2+ 24. Kxf2 Be6 25. Nxc8 Bxc8 26. Rd8 Bb7 27. Rxf8+ Kxf8 28. b4 Ke7 29. h4 h5 30. Ke3 f6 31. f4 exf4+ 32. Kxf4 g6 33. Rd4 Bc6 34. c4 bxc4 35. Rxc4 Ba4 36. Rc7+ Kd6 37. Rc1 Kd5 38. Rc5+ Kd4 39. g4 hxg4 40. Kxg4 Ke4 41. Kg3 f5 42. Rc7 f4+ 43. Kf2 Kf5 44. Rc5+ Kg4 45. Rg5+ Kxh4 46. Rxg6 Kh5 47. Rg1 Bc6 48. Rg8 Kh6 49. Rg1 Kh5 50. Rg7 Kh6 51. Re7 Kg5 52. Rc7 Bb5 53. Kf3 Bd3 54. Rc5+ Kf6 55. Kxf4 Ke6 56. Ke3 Bb5 57. Kd4 Kd6 58. Kc3 Ba4 59. Ra5 Bb5 60. a4 Bf1 61. Rf5 Bh3 62. Rf6+ Be6 63. Kd4 Ke7 64. Rxe6+ Kxe6 65. Kc5 1-0

[Event "COL-ch sf (Women)"]
[Site "Buga"]
[Date "2009.05.30"]
[Round "2.1"]
[White "Gomez Calderon, Valentina"]
[Black "Granada, Angie"]
[Result "1-0"]
[WhiteElo "1732"]
[BlackElo "1914"]
[PlyCount "113"]
[EventDate "2009.05.30"]
[EventType "swiss"]
[EventRounds "7"]
[EventCountry "COL"]
[SourceTitle "EXT 2024"]
[Source "ChessBase"]
[SourceDate "2023.10.10"]
[SourceVersion "1"]
[SourceVersionDate "2023.10.10"]
[SourceQuality "1"]

1. d4 Nf6 2. c4 g6 3. Nc3 Bg7 4. Nf3 d6 5. e4 0-0 6. Be2 e5 7. d5 a5 8. 0-0 Na6 9. Re1 Nc5 10. Bf1 Bd7 11. b3 Nh5 12. Bb2 f5 13. a3 f4 14. b4 axb4 15. axb4 Na6 16. b5 Nc5 17. Na4 Nxa4 18. Rxa4 Rxa4 19. Qxa4 g5 20. h3 g4 21. hxg4 Bxg4 22. Qa7 Bxf3 23. gxf3 Qg5+ 24. Bg2 Rf6 25. Qxb7 Rg6 26. Qc8+ Bf8 27. Qh3 Nf6 28. Ra1 Rh6 29. Qe6+ Kh8 30. Ra8 Qg7 31. Qc8 Kg8 32. Ra7 Nxe4 33. Rxc7 Qg5 34. Qg4 Qxg4 35. fxg4 Nc5 36. b6 Rg6 37. f3 Rg7 38. Ra7 Rb7 39. Rxb7 Nxb7 40. g5 Be7 41. Bh3 Bd8 42. Bf5 Bxb6+ 43. Kh2 Bd8 44. g6 hxg6 45. Bxg6 Kg7 46. Bc2 Kf6 47. Kh3 Bb6 48. Kg2 Bc5 49. Kf1 Kg5 50. Ke2 Kh4 51. Ba4 Kg3 52. Bc3 Nd8 53. Be8 Kg2 54. Bg6 Nb7 55. Be1 Ba3 56. Be4 Na5 57. Bxa5 1-0